|
|
|
|
| LEADER |
01600nam a2200301 u 4500 |
| 001 |
10095475 |
| 003 |
upatras |
| 005 |
20210117203120.0 |
| 008 |
111205s gr gre |
| 020 |
|
|
|a 9607144759
|
| 040 |
|
|
|a ΠΑΝΕΠΙΣΤΗΜΙΟ ΠΑΤΡΑΣ
|c ΠΑΝΕΠΙΣΤΗΜΙΟ ΠΑΤΡΑΣ
|
| 041 |
0 |
|
|a gre
|
| 084 |
|
|
|a WW 39
|
| 100 |
1 |
|
|a Μόσχος, Μιχαήλ Ν.
|4 aut
|9 102366
|
| 245 |
1 |
0 |
|a Εισαγωγή στην οφθαλμολογία
|c Μιχαήλ Ν. Μόσχος
|
| 260 |
|
|
|a Αθήνα
|b Ιατρικές Εκδόσεις Ζήτα
|c [χ.χ.]
|
| 300 |
|
|
|a xxv, 487 σ.
|b φωτ., σχήμ.
|c 24 εκ.
|
| 504 |
|
|
|a Περιλαμβάνει βιβλιογραφία και ευρετήριο
|
| 650 |
|
4 |
|a Οφθαλμολογία
|9 29159
|
| 650 |
|
4 |
|a Οφθαλμός
|x Ασθένειες
|9 33978
|
| 852 |
|
|
|a GR-PaULI
|b ΠΑΤΡΑ
|b ΙΑΤΡΙΚΗ
|k ΑΣΧΕ-10
|h WW 39 ΜΟΣ
|m 6277
|p 025000175919
|t 1
|
| 942 |
|
|
|2 ddc
|c BK15
|
| 952 |
|
|
|0 0
|1 0
|4 0
|6 WW_39_000000000000000_ΜΟΣ
|7 0
|9 105754
|a MEDI
|b MEDI
|d 2016-04-24
|i 6277
|l 13
|m 5
|o WW 39 ΜΟΣ
|p 025000175919
|r 2024-03-14 00:00:00
|s 2024-02-27
|t 1
|w 2016-04-24
|y BK15
|
| 952 |
|
|
|0 0
|1 0
|2 ddc
|4 0
|7 0
|9 369381
|a LISP
|b LISP
|c BSC
|d 2023-03-02
|l 0
|p 025000298150
|r 2023-03-02 00:00:00
|t 2
|w 2023-03-02
|y BK15
|
| 952 |
|
|
|0 0
|1 0
|2 ddc
|4 0
|7 0
|9 369382
|a LISP
|b LISP
|c BSC
|d 2023-03-02
|i 50695
|l 1
|p 025000298117
|r 2024-02-28 00:00:00
|s 2024-02-20
|t 3
|w 2023-03-02
|y BK15
|
| 952 |
|
|
|0 0
|1 0
|2 ddc
|4 0
|7 0
|9 369383
|a LISP
|b LISP
|c BSC
|d 2023-03-02
|i 50691
|l 0
|p 025000298118
|r 2023-03-02 00:00:00
|t 4
|w 2023-03-02
|y BK15
|
| 998 |
|
|
|c ΜΑΝΙΑΚΗ
|d 2011-12
|
| 999 |
|
|
|c 71158
|d 71158
|